| 000 | 00353 a2200133 4500 | ||
|---|---|---|---|
| 082 | _a297.63 | ||
| 090 |
_c6112 _d6112 |
||
| 100 | _aLings,Martin. | ||
| 245 |
_aMuhammad. _bHis life based on the earliest sources. _cMartin Lings. |
||
| 260 |
_aLahore. _bSuhail Academy. _c2005. |
||
| 300 | _a361p. | ||
| 500 | _aHard cover. | ||
| 942 |
_aNBS _cBK _k297.63 LIN |
||
| 999 |
_c348495 _d348495 |
||